A carregar...

The Stage & Religion in Mugal India

Detalhes bibliográficos
Autor principal: Roy Choudhury , M.L
Formato: Printed Book
Publicado em: Calcutta: Indian Publicity Society.
Assuntos:
LEADER 00499nam a22001334a 4500
082 |a 954.025 
100 |a Roy Choudhury ,  |b M.L. 
260 |a Calcutta:  |b Indian Publicity Society. 
650 |a The Stage & Religion in Mugal India 
650 |a Religion in Mugal India 
245 |a The Stage & Religion in Mugal India  |c by Roy Choudhury M.L 
942 |c BK 
999 |c 244530  |d 244530 
952 |0 0  |1 0  |4 0  |6 954_025000000000000_ROY  |7 0  |8 TB  |9 259874  |a HIS  |b HIS  |d 2020-01-04  |l 0  |o 954.025 ROY  |p HIS1572  |r 2020-01-04  |t 1  |w 2020-01-04  |y BK